00409nam a2200157Ia 4500008004100000020001800041082001200059100002000071245002800091250000700119260003700126300002900163500001900192600002000211650002000231240925s9999 xx 000 0 und d a9781846681660 a330 BIS aBishop, Matthew 0aEconomics: an a-z guide aNA aKarachi:bEconomic forumc,2010. axxvii,663p.b0fOriginal aIncludes Index aSocial Sciences aSocial Sciences